Fact sheet : United Kingdom.
| Format: | Book |
|---|---|
| Published: |
Kuala Lumpur:
MATRADE,
1997.
|
| Subjects: |
| LEADER | 00476cam a2200169 7i4500 | ||
|---|---|---|---|
| 001 | 0000006419 | ||
| 005 | 19991025090000.0 | ||
| 002 | ##000008107 | ||
| 020 | 0 | 0 | |a T000006183 |
| 090 | 0 | 0 | |a MAT 330.9 |b FAC |
| 090 | 0 | 0 | |a U.K 330.9 |b FAC |
| 245 | 0 | 0 | |a Fact sheet : |b United Kingdom. |
| 260 | 0 | 0 | |a Kuala Lumpur: |b MATRADE, |c 1997. |
| 300 | 0 | 0 | |a [n.p]. |
| 650 | 0 | 0 | |a United Kingdom -- |x Economic conditions |
| 651 | 0 | 0 | |a United Kingdom |
| 999 | |a 0000009175 |b Book |c Open shelf |e Business Information Centre | ||